000 00486nam a2200181Ia 4500
008 240729s9999 xx 000 0 und d
022 _a1471-2172
245 0 _aBMC Immunology
260 _aUnited Kingdom
260 _bBMC
650 _a Immunologic diseases. Allergy
650 _a Internal medicine
650 _a Specialties of internal medicine
650 _aMedicine
856 _uhttps://doaj.org/toc/33684b8645ca456ea55d822cb775c37f
942 _2ddc
942 _cDOAJEJ
999 _c74471
_d74471
945 _a1
_bMadushi Gamage
_c1
_dMadushi Gamage